000 00378pab a2200145 454500
008 180718b2004 xxu||||| |||| 00| 0 eng d
100 _aMayaram, Shail
245 _aHindu and Islamic transnational religious movements
260 _c2004
300 _ap.80-88.
362 _a3 Jan
650 _aReligious movements
773 _aEconomic and Political Weekly
909 _a59129
999 _c59129
_d59129